000 01214nam a2200241 i 4500
001 162601
003 ES-MaACL
005 20230906212548.0
008 990114m18941896sp w |||| | spa d
040 _aM-RABA
_bspa
_cM-RABA
_dCCPB | B
245 0 0 _aPrivilegios y franquicias de Mallorca
_b: cédulas, capítulos, estatutos, órdenes y pragmáticas, otorgadas por los reyes de Mallorca, de Aragón y de España desde el siglo XIII hasta fin del XVII, y triplemente catalogadas y extractadas por orden de registros, datas y materias, con un apéndice de bulas pontificias y otros documentos /
_ccompilados por José María Quadrado.
260 _aPalma de Mallorca :
_bDiputación Provincial de las Baleares,
_c1894-1896 (
_fEscuela tipográfica Provincial)
300 _a2 v. ;
_c32 cm.
500 _aLa publicación de la obra quedó interrumpida.
596 _aSegún Palau publicado en 1895-1896.
596 _aEn la cub. del v. I: 1895.
596 _aMarca tip. en port.
597 _aV. I (160 p.) -- v. II (p. 161-320)
597 _aAntep.
650 4 _aFueros-
_zBaleares (Comunidad Autónoma)
_9167375
700 1 _aQuadrado, José María.
_994475
852 _aES-MaACL
_jC-1635
_z-- Enc. hol.
999 _c162601
_d162601